[Event "Lyon-Condom"]
[Site "?"]
[Date "2003.??.??"]
[Round "3"]
[White "Bolding, Klaus"]
[Black "Bedue, Julien"]
[Result "1-0"]
[WhiteElo "2305"]
[BlackElo "2149"]
[EventDate "2003.??.??"]
[PlyCount "103"]

1.e4 e5 2.f4 Bc5 3.Nf3 d6 4.c3 Nf6 5.d4 exd4 6.cxd4 Bb4+ 7.Bd2 Bxd2+ 8.
Nbxd2 O-O 9.Bd3 Nh5 10.g3 c5 11.d5 b6 12.Qe2 a6 13.O-O Bg4 14.Rae1 Ra7 15.
Qg2 Re7 16.h3 Bc8 17.Re2 b5 18.Rfe1 Bb7 19.b3 Nd7 20.Kh2 Rfe8 21.a4 Qa5 
22.axb5 axb5 23.e5 Bxd5 24.Bxh7+ Kh8 25.Be4 Bxe4 26.Nxe4 dxe5 27.Nd6 Rf8 
28.Ng5 Kg8 29.Nf5 Ree8 30.fxe5 Qc7 31.Nd6 Rxe5 32.Ndxf7 Rxe2 33.Rxe2 Nhf6 
34.Ne6 Qb8 35.Nxf8 Kxf8 36.Ng5 Ne5 37.Ra2 Ke7 38.Ne4 c4 39.Nxf6 gxf6 40.
bxc4 bxc4 41.Rb2 Qg8 42.Qb7+ Ke6 43.g4 Nd3 44.Qc6+ Ke5 45.Rb5+ Kd4 46.
Qxf6+ Ke3 47.Qg5+ Qxg5 48.Rxg5 c3 49.Rg8 c2 50.Rc8 c1=Q 51.Rxc1 Nxc1 52.g5
1-0

[Event "2eme Open de Condom"]
[Site "?"]
[Date "2003.??.??"]
[Round "1"]
[White "Van Hulle, Yves"]
[Black "Blesing, Rene"]
[Result "1-0"]
[WhiteElo "1964"]
[BlackElo "1760"]
[EventDate "2003.??.??"]
[PlyCount "79"]

1.d4 Nf6 2.c4 g6 3.Nc3 Bg7 4.e4 d6 5.f4 O-O 6.Nf3 Bg4 7.Be2 c6 8.O-O Bxf3 
9.Bxf3 e5 10.fxe5 dxe5 11.d5 Qb6+ 12.Kh1 Nbd7 13.Qe2 Rac8 14.Be3 Qc7 15.
Rac1 Nb6 16.c5 Nbd7 17.d6 Qa5 18.Qc4 b5 19.cxb6 Nxb6 20.Qc5 Qxc5 21.Bxc5 
Nfd7 22.Bf2 f5 23.Rfd1 Bh6 24.Rc2 Rf6 25.b3 Bf8 26.Rcd2 Bh6 27.Rd3 c5 28.
Kg1 c4 29.bxc4 Nxc4 30.Nd5 Rcf8 31.Nxf6+ Rxf6 32.Rc3 Nxd6 33.Rc7 Nf8 34.
exf5 e4 35.Bd4 Rxf5 36.Bg4 Rd5 37.Bc5 Rxd1+ 38.Bxd1 Nb5 39.Bb3+ Kh8 40.Rf7
1-0

[Event "Tarbes"]
[Site "?"]
[Date "2003.??.??"]
[Round "1"]
[White "Tanguy, Fabien"]
[Black "Moulie, Patrick"]
[Result "1-0"]
[WhiteElo "2083"]
[BlackElo "1780"]
[PlyCount "77"]

1.b4 e6 2.Bb2 Nf6 3.a3 c5 4.c3 a6 5.Nf3 d5 6.e3 Nc6 7.Be2 Bd7 8.O-O Qc7 9.
d3 Be7 10.Nbd2 O-O 11.Nb3 b6 12.Rc1 Qa7 13.bxc5 bxc5 14.c4 Rfd8 15.cxd5 
exd5 16.Ne5 Nxe5 17.Bxe5 Rac8 18.Bc3 Ba4 19.Be5 c4 20.dxc4 dxc4 21.Bd4 Qb7
22.Bxc4 Rxc4 23.Rxc4 Bxb3 24.Qb1 Ne4 25.Bc3 Rb8 26.Rxe4 Bxa3 27.Rg4 g6 28.
Qa1 Bf8 29.h4 Be6 30.Ra4 Ra8 31.Rb1 Qc6 32.Bd4 Bc8 33.Rc1 Qd7 34.Rac4 Qe6 
35.Qa5 Bb7 36.Rc7 Qe4 37.f3 Qd5 38.Qb6 Rb8 39.Qf6 1-0

[Event "Tarbes"]
[Site "?"]
[Date "2003.??.??"]
[Round "2"]
[White "Lalondrelle, Pierre"]
[Black "Smyrek, Ingo"]
[Result "0-1"]
[WhiteElo "1840"]
[BlackElo "2020"]
[PlyCount "88"]

1.e4 d5 2.exd5 Qxd5 3.Qf3 Nf6 4.Nc3 Qa5 5.Bc4 Nc6 6.Bb5 Bd7 7.Nge2 e6 8.
O-O Bd6 9.d4 O-O 10.Bd3 Nb4 11.Ne4 Nxe4 12.Bxe4 Bc6 13.Bxc6 Nxc6 14.c3 
Rfe8 15.Bf4 e5 16.Be3 e4 17.Qh3 Qb5 18.Rfe1 Qxb2 19.Bf4 Rad8 20.Qg3 Qa3 
21.Reb1 b6 22.Bxd6 Qxd6 23.Nf4 Ne7 24.Nh5 g6 25.Qxd6 Rxd6 26.Ng3 Nd5 27.
Rb3 f5 28.Re1 Kf7 29.a4 Rc6 30.Rc1 a5 31.Ne2 Rc4 32.Ra3 g5 33.g3 Kf6 34.
Rb1 f4 35.Rab3 f3 36.Nc1 g4 37.Na2 e3 38.fxe3 Rxe3 39.R1b2 Kf5 40.Rc2 Re1+
41.Kf2 Rh1 42.Rc1 Rxh2+ 43.Kg1 Rg2+ 44.Kh1 Rc6 0-1

[Event "Tarbes"]
[Site "?"]
[Date "2003.??.??"]
[Round "2"]
[White "Sakri, Abdelhak"]
[Black "Safranska, Anda"]
[Result "0-1"]
[WhiteElo "2020"]
[BlackElo "2337"]
[PlyCount "40"]

1.d4 g6 2.Bf4 d6 3.Nf3 Bg7 4.e3 c5 5.c3 cxd4 6.cxd4 Nf6 7.Bd3 O-O 8.O-O 
Qb6 9.Qe2 Nc6 10.a3 Bg4 11.Nbd2 e5 12.dxe5 dxe5 13.Nc4 Qc5 14.b4 Qe7 15.
Bxe5 Bxf3 16.Bxf6 Bxe2 17.Bxe7 Bxd3 18.Bxf8 Kxf8 19.Rac1 Bxf1 20.Kxf1 Rd8 
0-1

[Event "Tarbes"]
[Site "?"]
[Date "2003.??.??"]
[Round "2"]
[White "Soubielle, Baptiste"]
[Black "Tanguy, Fabien"]
[Result "0-1"]
[WhiteElo "1540"]
[BlackElo "2083"]
[PlyCount "46"]

1.d4 d5 2.c4 e6 3.Nc3 Nf6 4.Bg5 Nbd7 5.e3 Be7 6.cxd5 Nxd5 7.Bxe7 Qxe7 8.
Nxd5 exd5 9.Rc1 c6 10.Nf3 O-O 11.Bd3 Nf6 12.Qc2 Re8 13.Ng5 h6 14.h4 hxg5 
15.hxg5 Ne4 16.g6 fxg6 17.Bxe4 Qxe4 18.Qxe4 Rxe4 19.Ke2 Bf5 20.Rh2 Rae8 
21.Rc3 R8e7 22.f3 Rxd4 23.g4 Bc8 0-1

[Event "2e Open Condom"]
[Site "?"]
[Date "2003.??.??"]
[Round "5.37"]
[White "Laurain, Dominique"]
[Black "Harnois, Clementine"]
[Result "1-0"]
[WhiteElo "2095"]
[BlackElo "1890"]
[EventDate "2003.??.??"]
[PlyCount "65"]

1.d4 Nf6 2.c4 g6 3.Nc3 Bg7 4.e4 d6 5.Be2 O-O 6.Bg5 h6 7.Be3 e5 8.d5 Nbd7 
9.Qd2 Kh7 10.Bd1 Nc5 11.f3 c6 12.b4 cxd5 13.cxd5 Ncd7 14.a4 Nh5 15.Nge2 f5
16.Bc2 Nb6 17.Bd3 fxe4 18.Bxe4 Nf4 19.Nxf4 exf4 20.Bf2 Bd7 21.O-O Nxa4 22.
Nxa4 Bxa1 23.Rxa1 Qg5 24.Nb2 b6 25.Bd4 Bb5 26.Nd3 Bc4 27.Nf2 b5 28.Nh3 Qh4
29.Ra6 Rfe8 30.Bxg6+ Kxg6 31.Qc2+ Kh5 32.Qf5+ Qg5 33.Nxf4+ 1-0

[Event "NII"]
[Site "?"]
[Date "2003.??.??"]
[Round "?"]
[White "Bianchi"]
[Black "Alaux, Sophie"]
[Result "1-0"]
[WhiteElo "1870"]
[BlackElo "1730"]
[EventDate "2003.??.??"]
[PlyCount "91"]

1.d4 d5 2.Nf3 e6 3.c4 c6 4.e3 Nf6 5.Nc3 Be7 6.Qc2 Nbd7 7.Bd3 dxc4 8.Bxc4 
O-O 9.e4 Qc7 10.Bd3 e5 11.Nd5 Nxd5 12.exd5 Qa5+ 13.Bd2 Qxd5 14.Bxh7+ Kh8 
15.Be4 Qe6 16.Bf5 Qd5 17.Qd3 exd4 18.Ng5 Qxg2 19.Be4 Nc5 20.Qe2 Qg4 21.Bf3
Qf5 22.Qxe7 Bd7 23.O-O Rae8 24.Qd6 f6 25.Bh5 Ne4 26.Nxe4 Qxh5 27.Ng3 Qg4 
28.Qf4 Qh3 29.Rae1 Be6 30.Qxd4 Bd5 31.f3 Rd8 32.Qg4 Qxg4 33.fxg4 Bc4 34.
Rf2 Rd7 35.b3 Bd5 36.Bb4 Rfd8 37.Rfe2 Bf7 38.Re7 Rxe7 39.Rxe7 Bg6 40.Rxb7 
Rd1+ 41.Kf2 Rd4 42.Bf8 Rd2+ 43.Ke3 Rxa2 44.Bxg7+ Kg8 45.Bxf6 Rxh2 46.Rg7+ 
1-0

[Event "Condom 2003"]
[Site "?"]
[Date "2003.??.??"]
[Round "5"]
[White "Schmitt, Fabien"]
[Black "Baumann, Benjamin"]
[Result "1-0"]
[WhiteElo "2149"]
[BlackElo "1980"]
[EventDate "2003.??.??"]
[PlyCount "23"]

1.e4 d5 2.exd5 Nf6 3.Nf3 Qxd5 4.Nc3 Qh5 5.Be2 Bg4 6.O-O Nc6 7.h3 Bxh3 8.
gxh3 Qxh3 9.Nh2 e6 10.Bg4 Nxg4 11.Qxg4 Qxg4+ 12.Nxg4 1-0

[Event "Condom 2003"]
[Site "?"]
[Date "2003.??.??"]
[Round "5"]
[White "Levin"]
[Black "Aout, Sebastien"]
[Result "1/2-1/2"]
[WhiteElo "2520"]
[BlackElo "2193"]
[EventDate "2003.??.??"]
[PlyCount "98"]

1.d4 d5 2.c4 dxc4 3.e3 e6 4.Bxc4 Nf6 5.Nf3 a6 6.O-O c5 7.Bb3 Nc6 8.Qe2 
cxd4 9.Rd1 Bd6 10.exd4 O-O 11.Bg5 Be7 12.Nc3 Nd5 13.Ne4 Bxg5 14.Nexg5 h6 
15.Ne4 b6 16.Rac1 Bb7 17.Bxd5 Qxd5 18.Nc3 Qd8 19.d5 exd5 20.Nxd5 Re8 21.
Qf1 Re6 22.Rc2 Rd6 23.Rcd2 Kh8 24.a4 Ra7 25.b4 Ba8 26.Ne3 Rxd2 27.Rxd2 Qe7
28.Nd5 Qb7 29.Qe1 Qb8 30.Qe3 b5 31.a5 Rd7 32.h3 Nxa5 33.Qb6 Qd6 34.Qxd6 
Rxd6 35.Nc7 Rxd2 36.Nxd2 Nc4 37.Nb3 Be4 38.Nxa6 Na3 39.Nd4 Bd3 40.f4 Kg8 
41.Kf2 Kf8 42.Ke3 Bf1 43.Kf2 Bd3 44.g4 Ke7 45.Ke3 Bf1 46.h4 g6 47.Nf3 Nc4+
48.Kf2 Bd3 49.Nc7 Na3 1/2-1/2

[Event "2eme Open de Condom"]
[Site "?"]
[Date "2003.??.??"]
[Round "1"]
[White "Levin, Felix"]
[Black "Bochaert, Jan"]
[Result "1-0"]
[WhiteElo "2520"]
[BlackElo "1583"]
[EventDate "2003.??.??"]
[PlyCount "39"]

1.d4 g6 2.c4 Bg7 3.Nc3 Nf6 4.e4 d6 5.Be2 O-O 6.Bg5 c5 7.d5 Nfd7 8.a4 a6 9.
Be3 Nf6 10.Qd2 h5 11.f3 e5 12.Nh3 Nh7 13.Nf2 Bf6 14.g3 Be7 15.O-O-O f5 16.
exf5 Bxf5 17.g4 h4 18.gxf5 Rxf5 19.Rdg1 Ng5 20.Bd3 1-0

[Event "Condom"]
[Site "?"]
[Date "2003.??.??"]
[Round "8.32"]
[White "Salcedo, Marc"]
[Black "Brethes, Francois"]
[Result "0-1"]
[WhiteElo "1840"]
[BlackElo "2080"]
[EventDate "2003.??.??"]
[PlyCount "30"]

1.e4 e6 2.d4 d5 3.e5 c5 4.c3 Nc6 5.Nf3 Qb6 6.Be2 cxd4 7.cxd4 Nh6 8.Nc3 Nf5
9.Na4 Bb4+ 10.Bd2 Qa5 11.Bc3 Bxc3+ 12.Nxc3 Qb4 13.Bb5 Qxb2 14.O-O Qxc3 15.
Qa4 Bd7 0-1

[Event "Condom"]
[Site "?"]
[Date "2003.??.??"]
[Round "8"]
[White "Geirnaert, Steven"]
[Black "Riff"]
[Result "1/2-1/2"]
[WhiteElo "2284"]
[BlackElo "2110"]
[EventDate "2003.??.??"]
[PlyCount "88"]

1.e4 c5 2.Nf3 Nc6 3.d4 cxd4 4.Nxd4 Nf6 5.Nc3 e5 6.Ndb5 d6 7.Bg5 a6 8.Na3 
b5 9.Bxf6 gxf6 10.Nd5 f5 11.Bd3 Be6 12.O-O Bxd5 13.exd5 Ne7 14.c3 
    ( 14.Nxb5 $5 e4 15.Be2 Bg7 $44 )
14...Bg7 15.Re1 O-O 16.Qh5 e4 17.Bc2 Qc8 18.Rad1 Ng6 19.Re3 $2 Re8 20.g4 
$5 Re5 21.gxf5 Rxf5 22.Qg4 Bh6 23.Rg3 Re5 24.Qxc8+ Rxc8 25.Bb3 f5 $2 
    ( 25...Bf4 26.Rh3 Rg5+ 27.Kf1 Ne5 $16 )
26.c4 b4 27.Nc2 f4 28.Rh3 Rg5+ 29.Kf1 Bg7 30.Re1 e3 $4 
    ( 30...a5 31.Rxe4 Bxb2 $11 )
31.fxe3 fxe3 32.Rexe3 Bxb2 33.Nxb4 Bd4 34.Ref3 Rg1+ 35.Ke2 Re8+ 36.Kd3 Bc5
37.Kc3 $1 Rc1+ 38.Kb2 Rh1 39.Nxa6 Re2+ 40.Kc3 Bb6 41.Kb4 Rhxh2 42.Rxh2 
Rxh2 43.Kb5 Bd8 44.Kc6 $4 Ne5+ {ayant joue le nulle toute la partie je 
propose nulle dans cette position gagnante} 1/2-1/2

[Event "Condom"]
[Site "?"]
[Date "2003.??.??"]
[Round "7.15"]
[White "Manea, Alexandru"]
[Black "Hargues, Franck"]
[Result "1-0"]
[WhiteElo "2299"]
[BlackElo "1910"]
[EventDate "2003.??.??"]
[PlyCount "20"]

1.d4 d5 2.c4 e5 3.dxe5 d4 4.Nf3 Nc6 5.g3 Bg4 6.Bg2 Qd7 7.Nbd2 Nge7 8.Nb3 
O-O-O 9.h3 Bxf3 10.Bxf3 Ng6 1-0

[Event "Tarbes"]
[Site "?"]
[Date "2003.??.??"]
[Round "3"]
[White "Mohtaji, Javad"]
[Black "Durbize, Patrick"]
[Result "1-0"]
[WhiteElo "2048"]
[BlackElo "1850"]
[PlyCount "71"]

1.e4 e5 2.f4 exf4 3.Nf3 g5 4.h4 g4 5.Ng5 h6 6.Nxf7 Kxf7 7.Bc4+ Ke8 8.Qxg4 
Qf6 9.Rf1 h5 10.Qh3 Nc6 11.Qh2 Bh6 12.d3 Nd4 13.Kd1 d6 14.Nd2 f3 15.gxf3 
Bf4 16.Qg2 Ne7 17.c3 Ne6 18.Rh1 Ng6 19.Qf2 Ne5 20.Kc2 Rf8 21.Rf1 Bd7 22.a4
a6 23.b3 Nxc4 24.Nxc4 Bxc1 25.Raxc1 b5 26.Ne3 Nf4 27.a5 Be6 28.d4 c6 29.
Qd2 Rb8 30.Rce1 Qf7 31.Rb1 d5 32.e5 Bf5+ 33.Nxf5 Qxf5+ 34.Kb2 Nd3+ 35.Ka1 
Nf4 36.Rbd1 1-0

[Event "Condom"]
[Site "?"]
[Date "2003.??.??"]
[Round "7.35"]
[White "Laurain, Dominique"]
[Black "Benmesbah, Natacha"]
[Result "1-0"]
[WhiteElo "2095"]
[BlackElo "1920"]
[EventDate "2003.??.??"]
[PlyCount "45"]

1.d4 Nf6 2.c4 g6 3.Nc3 Bg7 4.e4 d6 5.Nge2 O-O 6.Ng3 Nbd7 7.Be2 e5 8.d5 a5 
9.h4 Nc5 10.Bg5 h6 11.Be3 b6 12.Qd2 Kh7 13.h5 Ng8 14.hxg6+ fxg6 15.O-O-O 
Bd7 16.Rh2 Qf6 17.Rdh1 h5 18.Bxh5 gxh5 19.Nxh5 Qe7 20.Nxg7+ Kxg7 21.Rh7+ 
Kg6 22.Rxe7 Nxe7 23.Bxc5 1-0

[Event "2e Open Condom"]
[Site "?"]
[Date "2003.??.??"]
[Round "3.10"]
[White "Ducret, Thomas"]
[Black "MI Piankov, Evguenij"]
[Result "1-0"]
[WhiteElo "2223"]
[BlackElo "2369"]
[EventDate "2003.??.??"]
[PlyCount "143"]

1.Nf3 d5 2.d4 c6 3.c4 e6 4.e3 Bd6 5.Nbd2 f5 6.Be2 Nf6 7.b3 O-O 8.Bb2 b6 9.
O-O Bb7 10.Ne5 Nbd7 11.f4 Rc8 12.a4 c5 13.a5 Ne4 14.Nxe4 dxe4 15.Nxd7 Qxd7
16.axb6 axb6 17.dxc5 bxc5 18.Ra7 Rfd8 19.Qa1 Bb8 20.Rd1 Qe7 21.Ra2 Rxd1+ 
22.Qxd1 Rd8 23.Qe1 e5 24.g3 exf4 25.gxf4 h6 26.h4 Kh7 27.h5 Rg8 28.Kf1 Qe6
29.Qf2 Qb6 30.Ra3 Bc6 31.Bc3 Be8 32.Qh4 Bc7 33.Qe7 Bd8 34.Qa7 Qd6 35.Ra6 
Qf8 36.Be5 Bh4 37.Qc7 Bf7 38.Ra7 Be6 39.Bd6 Qf6 40.Be5 Qf8 41.Qd6 Qe8 42.
Qxc5 Bd8 43.Bd4 Kh8 44.Qe5 Bf6 45.Qxf6 gxf6 46.Bxf6+ Rg7 47.Rxg7 Bf7 48.
Rxf7+ Kg8 49.Rg7+ Kf8 50.Bd4 Qb8 51.Rh7 Qxb3 52.Rxh6 Qb1+ 53.Kf2 Qh1 54.
Rg6 Qh4+ 55.Kf1 Qh1+ 56.Rg1 Qh3+ 57.Ke1 Ke7 58.c5 Kd7 59.Bb5+ Ke6 60.Bc4+ 
Kd7 61.Bb5+ Ke6 62.Bc4+ Kd7 63.Rg7+ Kc6 64.Rg6+ Kc7 65.Be2 Qh1+ 66.Kd2 Qb1
67.Rb6 Qa2+ 68.Ke1 Qg8 69.h6 Qg3+ 70.Kd2 Qh2 71.Rg6 Qh1 72.h7 1-0

[Event "Tarbes"]
[Site "?"]
[Date "2003.??.??"]
[Round "3"]
[White "Lecoq, Julien"]
[Black "Renaux, Osmin"]
[Result "1-0"]
[WhiteElo "2040"]
[BlackElo "1780"]
[PlyCount "51"]

1.e4 e5 2.Nf3 Nc6 3.Bb5 a6 4.Ba4 Nf6 5.O-O Be7 6.Re1 b5 7.Bb3 O-O 8.d4 
Nxd4 9.Nxd4 exd4 10.e5 Ne8 11.Qxd4 c5 12.Qe4 Qb6 13.c3 Bb7 14.Qg4 d5 15.
Nd2 c4 16.Bc2 Bc8 17.Qg3 f6 18.Qh4 fxe5 19.Bxh7+ Kf7 20.Qh5+ g6 21.Qxe5 
Qf6 22.Nf3 Ra7 23.Bh6 Qf5 24.Bxf8 Qxe5 25.Nxe5+ Kxf8 26.Bxg6 1-0

[Event "Condom"]
[Site "?"]
[Date "2003.??.??"]
[Round "4"]
[White "Forestie p"]
[Black "Meijers, Viesturs"]
[Result "0-1"]
[WhiteElo "1970"]
[BlackElo "2483"]
[EventDate "2003.??.??"]
[PlyCount "28"]

1.e4 c5 2.Nc3 e6 3.Bc4 a6 4.a4 b6 5.f4 Bb7 6.d3 d5 7.Bb3 Nf6 8.Qe2 Nc6 9.
e5 Nd4 10.Qf2 Nxb3 11.cxb3 d4 12.Nce2 Nd5 
    ( 12...Qd5 )
13.Bd2 Ne3 14.Bxe3 dxe3 0-1

[Event "Condom"]
[Site "?"]
[Date "2003.??.??"]
[Round "1.1"]
[White "Moreau"]
[Black "Benmesbah"]
[Result "0-1"]
[WhiteElo "1590"]
[BlackElo "1920"]
[EventDate "2003.??.??"]
[PlyCount "44"]

1.e4 e5 2.Nf3 Nc6 3.Bb5 a6 4.Ba4 Nf6 5.O-O Be7 6.Re1 b5 7.Bb3 O-O 8.c3 d5 
9.exd5 Nxd5 10.Nxe5 Nxe5 11.Rxe5 Nf6 12.d4 Bd6 13.Re1 Ng4 14.g3 Nxh2 {Joli
sacrifice !} 15.Kxh2 Qh4+ 16.Kg1 Bxg3 {Encore un autre !!! Ces sacrifices 
en outre sont tout a fait corrects et non speculatifs} 17.Bxf7+ Kh8 18.
fxg3 Qxg3+ 19.Kh1 Bg4 $3 {Les blancs sont obliges de donner la dame a 
cause du mat en f3} 20.Qxg4 Qxg4 21.Re5 Rxf7 22.Nd2 Rf2 {Mat force en g2} 
0-1

[Event "Tarbes"]
[Site "?"]
[Date "2003.??.??"]
[Round "2"]
[White "Renaux, Osmin"]
[Black "Cheron, Stephane"]
[Result "1-0"]
[WhiteElo "1780"]
[BlackElo "1910"]
[PlyCount "104"]

1.d4 d5 2.c4 e5 3.dxe5 d4 4.Nf3 Nc6 5.g3 Nge7 6.Bg2 Ng6 7.Bg5 Be7 8.Bxe7 
Kxe7 9.Qd2 h6 10.O-O Ngxe5 11.Nxe5 Nxe5 12.Qb4+ Kf6 13.Nd2 g6 14.e3 Re8 
15.exd4 Qxd4 16.Rad1 Bg4 17.Ne4+ Qxe4 18.Bxe4 Kg7 19.f3 Bh3 20.Rf2 f5 21.
Bc2 Re6 22.f4 Ng4 23.Rd7+ Kg8 24.Qc3 Nf6 25.Rd1 Rae8 26.c5 Kg7 27.Rd7+ Kf8
28.Re2 Nxd7 29.Qh8+ Kf7 30.Qh7+ Kf6 31.Rxe6+ Rxe6 32.Qxd7 Re7 33.Qd4+ Kf7 
34.Bb3+ Ke8 35.Qh8+ Kd7 36.Ba4+ c6 37.Qd4+ Kc8 38.Qd6 Re2 39.Qf8+ Kc7 40.
Qd6+ Kc8 41.Bxc6 bxc6 42.Qxc6+ Kd8 43.Qa8+ Ke7 44.Qxa7+ Kf8 45.Qa8+ Kf7 
46.Qd5+ Kf8 47.c6 Rc2 48.Qd6+ Kf7 49.Qd7+ Kf6 50.c7 Rg2+ 51.Kh1 Re2 52.
Qd4+ Kf7 1-0

[Event "Condom"]
[Site "?"]
[Date "2003.??.??"]
[Round "?"]
[White "Buytaert, Kristof"]
[Black "Hargues, Franck"]
[Result "0-1"]
[WhiteElo "2159"]
[BlackElo "1910"]
[EventDate "2003.??.??"]
[PlyCount "42"]

1.e4 e5 2.Nc3 Nc6 3.Bc4 Bc5 4.d3 d6 5.f4 Bxg1 6.Rxg1 Qh4+ 7.Kf1 Bg4 8.Qe1 
Qxh2 9.Qf2 O-O-O 10.Be3 f5 11.Be6+ Kb8 12.b4 Nh6 13.Nb5 Nd4 14.Bxd4 exd4 
15.Nxd4 fxe4 16.dxe4 Rde8 17.f5 Rhf8 18.Rb1 Nxf5 19.Bxf5 
    ( 19.exf5 Rxe6 20.Nxe6 Rxf5 )
    ( 19.Nxf5 Rxe6 )
19...Rxe4 20.Nf3 
    ( 20.Bxe4 Rxf2+ 21.Kxf2 Qf4+ )
20...Rxf5 21.Re1 
    ( 21.Nxh2 Be2+ 22.Ke1 Bb5+ 23.Kd1 Rxf2 )
21...Rxf3 0-1

[Event "Tarbes"]
[Site "?"]
[Date "2003.??.??"]
[Round "2"]
[White "Perrodo, Eric"]
[Black "Baches, Frederic"]
[Result "0-1"]
[WhiteElo "1920"]
[BlackElo "1770"]
[PlyCount "96"]

1.d4 f5 2.g3 Nf6 3.Bg2 e6 4.c4 d5 5.cxd5 Nxd5 6.Nh3 Be7 7.O-O O-O 8.Qb3 
Nc6 9.Rd1 Bf6 10.Be3 Nce7 11.Nc3 Nxe3 12.fxe3 c6 13.Nf4 Nd5 14.Ncxd5 exd5 
15.Rac1 Qe7 16.a4 Re8 17.Kf2 Bg5 18.Bxd5+ cxd5 19.Nxd5 Qe6 20.Rc7 Kh8 21.
Rd3 Rd8 22.Nf4 Qxb3 23.Rxb3 Bxf4 24.gxf4 b6 25.Rbc3 Bd7 26.a5 bxa5 27.R3c5
h6 28.h4 Be6 29.Rxa5 Bd5 30.Re7 Be4 31.b4 Kg8 32.Ra6 Kf8 33.Rc7 Rdb8 34.
Rg6 Rxb4 35.Rgxg7 Bd5 36.Rh7 a5 37.Rc5 Bg8 38.Rxf5+ Ke8 39.Rh8 Kd7 40.Rxh6
a4 41.Rff6 a3 42.Rd6+ Ke7 43.Ra6 Ra4 44.Rxa4 Rxa4 45.Rg6 a2 46.Rg1 Rb4 47.
Ra1 Rb1 48.Rxa2 Bxa2 0-1

[Event "Tarbes"]
[Site "?"]
[Date "2003.??.??"]
[Round "3"]
[White "Chabas, Patrick"]
[Black "Axisa, Gerard"]
[Result "0-1"]
[WhiteElo "1820"]
[BlackElo "2030"]
[PlyCount "38"]

1.e4 e5 2.f4 exf4 3.Nf3 g5 4.Bc4 Bg7 5.d3 g4 6.Bxf4 gxf3 7.Qxf3 Qf6 8.Nc3 
Ne7 9.h4 d6 10.g4 h6 11.O-O-O Nbc6 12.Nd5 Qxb2+ 13.Kd2 Nxd5 14.Ke1 Nd4 15.
Qg3 Nxf4 16.Qxf4 Nxc2+ 17.Kf2 Na3+ 18.Kg1 Nxc4 19.dxc4 Be5 0-1

[Event "Tarbes"]
[Site "?"]
[Date "2003.??.??"]
[Round "1"]
[White "Darrigues, Alain"]
[Black "Renaux, Osmin"]
[Result "1-0"]
[WhiteElo "2069"]
[BlackElo "1780"]
[PlyCount "69"]

1.d4 Nf6 2.c4 g6 3.Nc3 Bg7 4.e4 d6 5.Be2 O-O 6.f4 c5 7.Nf3 cxd4 8.Nxd4 Nc6
9.Be3 Ng4 10.Bxg4 Bxg4 11.Nxc6 Bxd1 12.Nxd8 Bc2 13.Nxb7 Bxc3+ 14.bxc3 Bxe4
15.Na5 Bxg2 16.Rg1 Be4 17.h4 Rfc8 18.h5 Rab8 19.hxg6 hxg6 20.c5 dxc5 21.
Nc4 Kg7 22.Rg5 Rh8 23.Bxc5 Rbc8 24.O-O-O f6 25.Nd2 Bf5 26.Bd4 e5 27.Rxf5 
gxf5 28.fxe5 Kf7 29.exf6 Rh4 30.Nf3 Rf4 31.Ng5+ Kg6 32.Ne6 Rxd4 33.Nxd4 
Kxf6 34.Kc2 Kg5 35.Rf1 1-0

[Event "Tarbes"]
[Site "?"]
[Date "2003.??.??"]
[Round "1"]
[White "Safranska, Anda"]
[Black "Lucas, Julien"]
[Result "1-0"]
[WhiteElo "2337"]
[BlackElo "1910"]
[PlyCount "82"]

1.e4 c5 2.Nf3 d6 3.Bc4 Nf6 4.d3 g6 5.O-O Bg7 6.c3 O-O 7.Bb3 Nc6 8.Nbd2 Nd7
9.h3 Rb8 10.a4 a6 11.Bd5 e6 12.Bxc6 bxc6 13.a5 Ne5 14.Nxe5 Bxe5 15.Nc4 Bg7
16.f4 Qc7 17.Nb6 Kh8 18.Be3 Qe7 19.Qa4 Bb7 20.Rae1 Rfd8 21.Qc4 Qh4 22.Bf2 
Qh5 23.Kh2 d5 24.Qxc5 dxe4 25.Qxh5 gxh5 26.dxe4 Rd6 27.Nc4 Rd3 28.Bb6 c5 
29.Rf2 Bc6 30.Rd2 Rxd2 31.Nxd2 Bh6 32.g3 h4 33.Nc4 hxg3+ 34.Kxg3 Rg8+ 35.
Kf3 f5 36.Nd6 Rf8 37.Bxc5 fxe4+ 38.Ke2 Bxf4 39.Nc4 Rf5 40.Bd4+ Kg8 41.Rg1+
Kf8 1-0

[Event "Tarbes"]
[Site "?"]
[Date "2003.??.??"]
[Round "1"]
[White "Garrel, Alain"]
[Black "Durbize, Patrick"]
[Result "1/2-1/2"]
[WhiteElo "2153"]
[BlackElo "1850"]
[EventDate "2003.??.??"]
[PlyCount "52"]

1.d4 d5 2.Nf3 c6 3.c4 Nf6 4.cxd5 cxd5 5.Nc3 Nc6 6.Bf4 a6 7.Rc1 e6 8.e3 Bd6
9.Bd3 Bxf4 10.exf4 Qd6 11.g3 Qb4 12.Qd2 Bd7 13.Bb1 Rc8 14.O-O O-O 15.h3 h6
16.g4 Nh7 17.a3 Qe7 18.Rfe1 Qf6 19.b4 b5 20.h4 Qd8 21.Qd3 f5 22.g5 h5 {=} 
23.Ne5 Nxe5 24.Rxe5 Re8 25.Rce1 Nf8 26.Qf3 g6 1/2-1/2

[Event "2eme Open de Condom"]
[Site "?"]
[Date "2003.??.??"]
[Round "?"]
[White "Mercier, Luc"]
[Black "Reshetnyak, Igor"]
[Result "0-1"]
[WhiteElo "1120"]
[BlackElo "1499"]
[EventDate "2003.??.??"]
[PlyCount "30"]

1.d4 d5 2.e3 Nf6 3.Nc3 Nc6 4.b3 Bf5 5.Bb2 Nb4 6.Bd3 Nxd3+ 7.cxd3 e6 8.Qe2 
Bb4 9.f3 c5 10.e4 cxd4 11.exf5 dxc3 12.Bc1 c2+ 13.Bd2 Bxd2+ 14.Qxd2 exf5 
15.Qe2+ Qe7 {Je ne peux plus continuer a rentrer la partie puisque le coup
joue par les blancs est grand roque, ce qui un coup illegal puisque un 
pion noir se trouve en c2. L'ordinateur n'accepte pas les illegaux.} 0-1

[Event "2eme Open de Condom"]
[Site "?"]
[Date "2003.??.??"]
[Round "1"]
[White "Vitrou, Jonathan"]
[Black "Reshetnyak, Igor"]
[Result "1-0"]
[WhiteElo "1880"]
[BlackElo "1499"]
[EventDate "2003.??.??"]
[PlyCount "43"]

1.e4 e5 2.Nf3 Nc6 3.d4 exd4 4.Nxd4 Nf6 5.Nc3 Bb4 6.Nxc6 bxc6 7.Bd3 d5 8.
Bd2 Bxc3 9.Bxc3 dxe4 10.Bxf6 Qxf6 11.Bxe4 Qe6 12.O-O O-O 13.Qf3 Bb7 14.
Rfe1 Rae8 15.Bxh7+ Kxh7 16.Rxe6 fxe6 17.Qh5+ Kg8 18.Re1 Ba6 19.Re3 Rf7 20.
Rh3 Kf8 21.Rf3 Re7 22.Qh8# 1-0

[Event "Tarbes"]
[Site "?"]
[Date "2003.??.??"]
[Round "3"]
[White "Moragrega, Remi"]
[Black "San Sebastian, Patrice"]
[Result "0-1"]
[WhiteElo "1750"]
[BlackElo "1950"]
[PlyCount "86"]

1.d4 Nf6 2.Nf3 g6 3.h3 Bg7 4.Bf4 O-O 5.Nbd2 d6 6.c3 Nbd7 7.e4 Nh5 8.Bh2 e5
9.Bd3 c6 10.O-O Qc7 11.Qc2 c5 12.d5 a6 13.c4 Rb8 14.a4 Qa5 15.Rfe1 Bh6 16.
Nb3 Qd8 17.Nbd2 Ndf6 18.g4 Nf4 19.Bxf4 Bxf4 20.Nf1 h5 21.g5 Nh7 22.h4 f6 
23.gxf6 Qxf6 24.Be2 g5 25.Bd1 g4 26.N3h2 Qxh4 27.Ra3 Kh8 28.Qe2 Rg8 29.Ng3
Qg5 30.Qd3 h4 31.Ngf1 Nf6 32.Kg2 b6 33.Be2 Rb7 34.Rb3 Nh5 35.a5 Bxh2 36.
Kxh2 g3+ 37.fxg3 hxg3+ 38.Nxg3 Nxg3 39.Qxg3 Rh7+ 40.Kg2 Qd2 41.Qxg8+ Kxg8 
42.Rg3+ Kh8 43.Kf1 Rh1+ 0-1

[Event "Tarbes"]
[Site "?"]
[Date "2003.??.??"]
[Round "?"]
[White "Fekzovski, Ekrem"]
[Black "De Laubadere, Philippe"]
[Result "0-1"]
[WhiteElo "2174"]
[BlackElo "1970"]
[PlyCount "62"]

1.e4 e6 2.d4 d5 3.Nd2 b6 4.exd5 exd5 5.Be2 Nf6 6.Ngf3 Be7 7.O-O O-O 8.Ne5 
c5 9.dxc5 bxc5 10.Ndf3 Bb7 11.c3 Nbd7 12.Bd3 Nxe5 13.Nxe5 Qc7 14.Ng4 Qd7 
15.h3 Rfe8 16.Bf4 Nxg4 17.hxg4 g6 18.g5 Bd6 19.Qd2 Re7 20.Rad1 Rd8 21.Be3 
Qg4 22.Be2 Qh4 23.f4 Re4 24.Rf3 Rde8 25.Rh3 Bxf4 26.Bxf4 Qxf4 27.Qxf4 Rxf4
28.Bf3 Re5 29.c4 Rxc4 30.Kf2 Rc2+ 31.Kg3 Rxg5+ 0-1

[Event "Tarbes"]
[Site "?"]
[Date "2003.??.??"]
[Round "1"]
[White "Lecoq, Julien"]
[Black "Francois, Ginaud"]
[Result "1-0"]
[WhiteElo "2040"]
[BlackElo "1760"]
[PlyCount "87"]

1.e4 d6 2.d4 Nf6 3.Nc3 g6 4.Be3 Bg7 5.f3 O-O 6.Qd2 Re8 7.O-O-O b6 8.h4 Ba6
9.Bxa6 Nxa6 10.Nge2 c5 11.g4 cxd4 12.Nxd4 Nc5 13.h5 Ne6 14.Nxe6 fxe6 15.
hxg6 hxg6 16.Bh6 Kf7 17.Bxg7 Kxg7 18.Qh6+ Kf7 19.e5 Rh8 20.Qxh8 Qxh8 21.
Rxh8 Rxh8 22.exf6 Kxf6 23.Re1 g5 24.Ne4+ Kg6 25.c4 Rh2 26.Nd2 e5 27.Kc2 
Kf6 28.Kc3 a6 29.b4 Kg6 30.a4 Kf6 31.a5 bxa5 32.bxa5 Kg6 33.Rb1 Rh8 34.Rb6
Ra8 35.Ne4 Ra7 36.c5 Rc7 37.Kd3 Kf7 38.cxd6 exd6 39.Nxd6+ Ke7 40.Nf5+ Kf7 
41.Rxa6 Kf8 42.Re6 Kg8 43.a6 Kh7 44.Re7+ 1-0

[Event "Tarbes"]
[Site "?"]
[Date "2003.??.??"]
[Round "?"]
[White "Dufeal, Julien"]
[Black "Juglard, Eric"]
[Result "1/2-1/2"]
[WhiteElo "214"]
[BlackElo "2186"]
[PlyCount "80"]

1.d4 Nf6 2.c4 c5 3.d5 b5 4.Nc3 b4 5.Nb1 g6 6.Nf3 d6 7.e3 Bg7 8.Bd3 Bg4 9.
Nbd2 O-O 10.O-O Nbd7 11.h3 Ne5 12.Be2 Bxf3 13.Bxf3 Nxf3+ 14.Nxf3 a5 15.Rb1
a4 16.Qd3 Nd7 17.e4 Ra7 18.Nh2 Qc8 19.f4 Qa6 20.Nf3 Nb6 21.b3 axb3 22.axb3
Nd7 23.h4 Nf6 24.Bb2 Qc8 25.e5 Ng4 26.Ra1 Qb7 27.Nh2 Nxh2 28.Kxh2 Rfa8 29.
Rab1 Ra2 30.h5 dxe5 31.Bxe5 Qd7 32.Bxg7 Kxg7 33.f5 gxh5 34.Rf3 Qd6+ 35.Kh1
Ra1 36.Rh3 Rxb1+ 37.Qxb1 Qe5 38.Rxh5 Ra1 39.f6+ Kxf6 40.Rxe5 Rxb1+ 1/2-1/2